Simplifying the model of a complex heat-transfer system for solving the relay control problem; Thermal Engineering; Vol. 61, iss. 9

Xehetasun bibliografikoak
Parent link:Thermal Engineering
Vol. 61, iss. 9.— 2014.— [P. 671-678]
Egile nagusia: Shilin A. A. Aleksandr Anatoljevich
Erakunde egilea: Национальный исследовательский Томский политехнический университет (ТПУ) Энергетический институт (ЭНИН) Кафедра электропривода и электрооборудования (ЭПЭО)
Beste egile batzuk: Bukreev V. G. Viktor Grigorievich
Gaia:Title screen
A method for approximating the highdimensionality model of a complex heattransfer systemwith time delay by a nonlinear secondorder differential equation is proposed. The modeling results confirming adequacy of the nonlinear properties of the reduced and initial models and their correspondence to thecontrolled plant actual data are presented.
Режим доступа: по договору с организацией-держателем ресурса
Hizkuntza:ingelesa
Argitaratua: 2014
Gaiak:
Sarrera elektronikoa:http://dx.doi.org/10.1134/S0040601514080126
Formatua: Baliabide elektronikoa Liburu kapitulua
KOHA link:https://koha.lib.tpu.ru/cgi-bin/koha/opac-detail.pl?biblionumber=646071

MARC

LEADER 00000nla0a2200000 4500
001 646071
005 20250401144446.0
035 |a (RuTPU)RU\TPU\network\11192 
090 |a 646071 
100 |a 20160209d2014 k||y0rusy50 ba 
101 0 |a eng 
135 |a drcn ---uucaa 
181 0 |a i  
182 0 |a b 
200 1 |a Simplifying the model of a complex heat-transfer system for solving the relay control problem  |f A. A. Shilin, V. G. Bukreev 
203 |a Text  |c electronic 
300 |a Title screen 
320 |a [References: p. 678 (8 tit.)] 
330 |a A method for approximating the highdimensionality model of a complex heattransfer systemwith time delay by a nonlinear secondorder differential equation is proposed. The modeling results confirming adequacy of the nonlinear properties of the reduced and initial models and their correspondence to thecontrolled plant actual data are presented. 
333 |a Режим доступа: по договору с организацией-держателем ресурса 
461 |t Thermal Engineering 
463 |t Vol. 61, iss. 9  |v [P. 671-678]  |d 2014 
610 1 |a электронный ресурс 
610 1 |a труды учёных ТПУ 
610 1 |a линеаризация 
610 1 |a теплоперенос 
610 1 |a структурные преобразования 
610 1 |a аппроксимация 
700 1 |a Shilin  |b A. A.  |c specialist in the field of electrical engineering  |c Professor of Tomsk Polytechnic University, doctor of technical Sciences  |f 1972-  |g Aleksandr Anatoljevich  |3 (RuTPU)RU\TPU\pers\35719  |9 18878 
701 1 |a Bukreev  |b V. G.  |c Specialist in the field of electrical engineering  |c Professor of Tomsk Polytechnic University, Doctor of technical sciences  |f 1952-  |g Viktor Grigorievich  |3 (RuTPU)RU\TPU\pers\34177  |9 17711 
712 0 2 |a Национальный исследовательский Томский политехнический университет (ТПУ)  |b Энергетический институт (ЭНИН)  |b Кафедра электропривода и электрооборудования (ЭПЭО)  |3 (RuTPU)RU\TPU\col\18674 
801 2 |a RU  |b 63413507  |c 20160209  |g RCR 
856 4 |u http://dx.doi.org/10.1134/S0040601514080126 
942 |c CF